[Event "29. Friedensfest-Open (AFRO-A)"]
[Site "Augsburg"]
[Date "2024.08.09"]
[Round "3.40"]
[White "Khamenya, Vitalia"]
[Black "Nezosi, Constantin"]
[Result "1/2-1/2"]
[WhiteElo "1901"]
[BlackElo "1738"]
[EventDate "2024.08.08"]
[Time "09:30:00"]
[WhiteNrv "1901"]
[BlackNrv "1738"]
[WhiteTwz "1901"]
[BlackTwz "1738"]
[WhiteFideId "12959260"]
[BlackFideId "36066974"]
[WhiteNatFedId "10271198"]
[WhiteAttr "W"]
[BlackAttr "M"]
[WhiteTeam "SK Graefelfing"]
[BlackTeam "Vandeuvre Échecs"]
[PlyCount "0"]

1.e4 d5 2.exd5 Qxd5 3.Nc3 Qa5 4.Bc4 Nf6 5.d3 c6 6.Bd2 Bf5 7.Nf3 e6 8.Qe2 
Nbd7 9.Nb5 Qd8 10.Nbd4 Bg4 11.h3 Bxf3 12.Nxf3 Nd5 13.O-O Be7 14.Bxd5 cxd5 
15.Bc3 Bf6 16.Bxf6 Qxf6 17.d4 a6 18.Rae1 Rc8 19.c3 O-O 20.Ne5 Nxe5 21.Qxe5
Qxe5 22.Rxe5 Rc7 23.f4 Re7 24.Rfe1 Rfe8 25.Kf2 1/2-1/2

[Event "29. Friedensfest-Open (AFRO-A)"]
[Site "Augsburg"]
[Date "2024.08.09"]
[Round "3.41"]
[White "Thielke, Pascal"]
[Black "Mittermaier, Johann"]
[Result "1-0"]
[WhiteElo "1779"]
[BlackElo "1898"]
[EventDate "2024.08.08"]
[Time "09:30:00"]
[WhiteNrv "1779"]
[BlackNrv "1898"]
[WhiteTwz "1779"]
[BlackTwz "1898"]
[WhiteFideId "16241576"]
[BlackFideId "16208382"]
[WhiteNatFedId "10579625"]
[BlackNatFedId "10144722"]
[WhiteAttr "M"]
[BlackAttr "M"]
[WhiteTeam "SF Bad Groenenbach"]
[BlackTeam "SV Deggendorf"]
[PlyCount "0"]

1.e4 e6 2.d4 d5 3.Nc3 Nf6 4.e5 Nfd7 5.Nf3 c5 6.Bg5 Qa5 7.dxc5 Bxc5 8.a3 
Qc7 9.Bb5 Nc6 10.Bf4 O-O 11.Bxc6 bxc6 12.O-O f6 13.Na4 Bb6 14.Nxb6 axb6 
15.Re1 g5 16.Bg3 Qd8 17.Nd4 Nxe5 18.Bxe5 fxe5 19.Rxe5 Qf6 20.Qe2 c5 21.
Nxe6 Bxe6 22.Rxe6 Qxb2 23.Re1 Rxa3 24.Re8 Qf6 25.Rxf8+ Qxf8 26.Qe6+ Qf7 
27.Qxb6 c4 28.Qd8+ Kg7 29.Qxg5+ Kf8 30.Qh6+ Kg8 31.Qg5+ Kf8 32.g3 Ra7 33.
Re5 Qg6 34.Qd8+ Kf7 35.Qxd5+ Kf8 36.Qc5+ 1-0

[Event "29. Friedensfest-Open (AFRO-A)"]
[Site "Augsburg"]
[Date "2024.08.09"]
[Round "3.42"]
[White "Sensoy, Emir"]
[Black "Retzlaff, Kian"]
[Result "1-0"]
[WhiteElo "1776"]
[BlackElo "1890"]
[EventDate "2024.08.08"]
[Time "09:30:00"]
[WhiteNrv "1776"]
[BlackNrv "1890"]
[WhiteTwz "1776"]
[BlackTwz "1890"]
[WhiteFideId "34607390"]
[BlackFideId "34606700"]
[WhiteNatFedId "10730374"]
[BlackNatFedId "10742727"]
[WhiteAttr "M"]
[BlackAttr "M"]
[WhiteTeam "MSA Zugzwang 82 e.V."]
[BlackTeam "SF 59 Kornwestheim"]
[PlyCount "0"]

1.e4 c5 2.Nf3 d6 3.d4 cxd4 4.Nxd4 Nf6 5.Nc3 a6 6.Be3 e5 7.Nb3 Be6 8.Be2 
Nbd7 9.O-O Be7 10.f3 O-O 11.Kh1 Rc8 12.Qd3 Qc7 13.Rfd1 Rfd8 14.Rac1 Nb6 
15.Qd2 d5 16.exd5 Nbxd5 17.Nxd5 Nxd5 18.Bd3 Nb4 19.Qf2 Nd5 20.Bd2 f5 21.
Re1 Rf8 22.Nd4 Bc5 23.c3 Qd6 24.Qe2 exd4 25.cxd4 Bxd4 26.Qxe6+ Qxe6 27.
Rxe6 Rxc1+ 28.Bxc1 Rc8 29.Bd2 Rd8 30.h4 Nc7 31.Re2 Bxb2 32.Bc4+ Kh8 33.Ba5
Rd1+ 34.Kh2 Bf6 35.Bxc7 h6 36.Bb3 Rd7 37.Be5 Bxh4 38.Be6 Re7 39.Bd6 Re8 
40.Bc4 Rd8 41.Be7 Rd4 42.Bb3 Bxe7 43.Rxe7 Rb4 44.Rf7 Rb5 45.Kg3 Kh7 46.Bc4
Rc5 47.Bd3 b5 48.Rxf5 Rc3 49.Be4 Kg8 50.Bd5+ Kh7 51.Rf8 h5 52.Be4+ Kh6 53.
Rh8+ Kg5 54.Rh7 Rc7 55.f4+ Kf6 56.Rxh5 Rc3+ 57.Kg4 Ra3 58.Rf5+ Ke6 59.Re5+
Kf6 60.Bd5 g6 61.Re6+ Kg7 62.Re7+ Kh6 63.Bg8 g5 64.Rh7+ Kg6 65.f5+ Kf6 66.
Rf7+ Ke5 67.Re7+ Kd6 68.Re6+ Kd7 69.Re4 a5 70.f6 b4 71.Bb3 a4 72.f7 axb3 
73.f8=Q bxa2 74.Qe7+ Kc6 75.Rc4+ Kb5 76.Qxb4+ Ka6 77.Qxa3+ 1-0

[Event "29. Friedensfest-Open (AFRO-A)"]
[Site "Augsburg"]
[Date "2024.08.09"]
[Round "3.43"]
[White "Oezkurt, Kaan"]
[Black "Nitsch, Markus"]
[Result "0-1"]
[WhiteElo "1701"]
[BlackElo "1877"]
[EventDate "2024.08.08"]
[Time "09:30:00"]
[WhiteNrv "1701"]
[BlackNrv "1877"]
[WhiteTwz "1701"]
[BlackTwz "1877"]
[WhiteFideId "34655182"]
[BlackFideId "34681124"]
[WhiteNatFedId "10722110"]
[BlackNatFedId "10849719"]
[WhiteAttr "M"]
[BlackAttr "M"]
[WhiteTeam "SK Freising"]
[BlackTeam "SK Caissa Augsburg"]
[PlyCount "0"]

1.e4 c5 2.c3 Nf6 3.e5 Nd5 4.d4 cxd4 5.Nf3 d6 6.cxd4 Nc6 7.Bc4 Nb6 8.Bb5 
Bd7 9.Nc3 dxe5 10.dxe5 g6 11.O-O Bg7 12.Re1 O-O 13.Bf4 a6 14.Be2 h6 15.h3 
Be6 16.Qxd8 Rfxd8 17.Rad1 Nd5 18.Nxd5 Bxd5 19.b3 e6 20.Rc1 Rd7 21.Kf1 g5 
22.Bg3 Rad8 23.Bc4 Bxf3 24.gxf3 Nb4 25.Re2 b5 26.a3 bxc4 27.axb4 cxb3 28.
Rb2 Rd3 29.Ke2 Bf8 30.Rcb1 Bxb4 31.Rxb3 Rd2+ 32.Kf1 a5 33.f4 Kg7 34.fxg5 
hxg5 35.h4 Kg6 36.hxg5 Kxg5 37.Rf3 Kg6 38.Bh4 Rd1+ 39.Rxd1 Rxd1+ 40.Kg2 
Rd7 41.Bf6 Be7 42.Bxe7 Rxe7 43.Ra3 Ra7 44.Ra4 f5 45.f4 Kf7 46.Kh3 Ke7 47.
Kh4 Ra6 48.Kg5 Kd7 49.Kf6 Kc6 50.Rxa5 Rxa5 51.Kxe6 Ra8 52.Kxf5 Kd5 53.Kg5 
Re8 54.Kf6 Rf8+ 55.Kg5 Ke6 56.Kg4 Rg8+ 57.Kf3 Kf5 58.Ke3 Rg3+ 59.Kd4 Rg4 
60.Kd5 Rxf4 0-1

[Event "29. Friedensfest-Open (AFRO-A)"]
[Site "Augsburg"]
[Date "2024.08.09"]
[Round "3.45"]
[White "Sadighi, Armin"]
[Black "Stoll, Katja"]
[Result "1/2-1/2"]
[WhiteElo "1737"]
[BlackElo "1899"]
[EventDate "2024.08.08"]
[Time "09:30:00"]
[WhiteNrv "1737"]
[BlackNrv "1899"]
[WhiteTwz "1737"]
[BlackTwz "1899"]
[WhiteFideId "16279956"]
[BlackFideId "1271730"]
[WhiteNatFedId "10806328"]
[BlackNatFedId "10216731"]
[WhiteAttr "M"]
[BlackAttr "W"]
[WhiteTeam "MSA Zugzwang 82 e.V."]
[BlackTeam "SC Weisse Dame Ulm e.V."]
[PlyCount "0"]

1.e4 e5 2.Nf3 Nf6 3.Nxe5 d6 4.Nf3 Nxe4 5.Nc3 Nxc3 6.dxc3 Bg4 7.Be3 c6 8.
Qd2 Nd7 9.Ng5 h6 10.Ne4 d5 11.Ng3 Be7 12.f3 Be6 13.Bd3 Nc5 14.Bf5 Qd7 15.
Bxe6 Nxe6 16.Nf5 O-O-O 17.O-O-O Kb8 18.Rhe1 g5 19.Qf2 Bc5 20.Nd4 Nxd4 21.
Bxd4 Bxd4 22.cxd4 1/2-1/2

[Event "29. Friedensfest-Open (AFRO-A)"]
[Site "Augsburg"]
[Date "2024.08.09"]
[Round "3.46"]
[White "Medvedev, Michael"]
[Black "Bodriyenko, Markiyan"]
[Result "0-1"]
[WhiteElo "1759"]
[BlackElo "1889"]
[EventDate "2024.08.08"]
[Time "09:30:00"]
[WhiteNrv "1759"]
[BlackNrv "1889"]
[WhiteTwz "1759"]
[BlackTwz "1889"]
[WhiteFideId "34650792"]
[BlackFideId "34606696"]
[WhiteNatFedId "10691830"]
[BlackNatFedId "10682789"]
[WhiteAttr "M"]
[BlackAttr "M"]
[WhiteTeam "SK Rochade Augsburg"]
[BlackTeam "SF 59 Kornwestheim"]
[PlyCount "0"]

1.e4 e5 2.Nf3 Nc6 3.Bb5 a6 4.Ba4 d6 5.O-O Ne7 6.d4 b5 7.Bb3 Nxd4 8.Nxd4 
exd4 9.Qxd4 c5 10.Qc3 c4 11.Bxc4 bxc4 12.Qxc4 Ng6 13.Nc3 Be7 14.Nd5 O-O 
15.f4 Be6 16.Be3 Bxd5 17.Qxd5 Qc7 18.c4 Bf6 19.Rab1 Rfe8 20.b4 Qe7 21.e5 
dxe5 22.f5 Nf4 23.Bxf4 exf4 24.Rfe1 Red8 25.Qc6 Bd4+ 26.Kh1 Qg5 27.Rbd1 
Rac8 28.Qe4 Be3 {time} 0-1

[Event "29. Friedensfest-Open (AFRO-A)"]
[Site "Augsburg"]
[Date "2024.08.09"]
[Round "3.47"]
[White "Boehm, Bruno"]
[Black "Pachmayr, Stefan"]
[Result "1-0"]
[WhiteElo "1866"]
[BlackElo "1776"]
[EventDate "2024.08.08"]
[Time "09:30:00"]
[WhiteNrv "1866"]
[BlackNrv "1776"]
[WhiteTwz "1866"]
[BlackTwz "1776"]
[WhiteFideId "4699238"]
[BlackFideId "356285791"]
[WhiteNatFedId "10019158"]
[BlackNatFedId "10136414"]
[WhiteAttr "M"]
[BlackAttr "*"]
[WhiteTeam "SK Freising"]
[BlackTeam "SF Dachau 1932 e.V."]
[PlyCount "0"]

1.d4 Nf6 2.c4 c5 3.d5 b5 4.cxb5 a6 5.Nc3 g6 6.Nf3 d6 7.e3 Bg7 8.a4 O-O 9.
Be2 Bd7 10.O-O Qc7 11.Ra3 Ng4 12.h3 Ne5 13.Nxe5 Bxe5 14.f4 Bxc3 15.Rxc3 
axb5 16.axb5 Qb6 17.Rb3 Rc8 18.Bc4 Ra4 19.Qd3 Rb4 20.Bd2 Bxb5 21.Bxb4 Bxc4
22.Qxc4 1-0

[Event "29. Friedensfest-Open (AFRO-A)"]
[Site "Augsburg"]
[Date "2024.08.09"]
[Round "3.48"]
[White "Erhardt, Daniel"]
[Black "Ranganathan, Aadith"]
[Result "1/2-1/2"]
[WhiteElo "1807"]
[BlackElo "1666"]
[EventDate "2024.08.08"]
[Time "09:30:00"]
[WhiteNrv "1807"]
[BlackNrv "1666"]
[WhiteTwz "1807"]
[BlackTwz "1666"]
[WhiteFideId "16249429"]
[BlackFideId "34667121"]
[WhiteNatFedId "10604919"]
[BlackNatFedId "10806334"]
[WhiteAttr "M"]
[BlackAttr "M"]
[WhiteTeam "SC Ostfildern 1952 e.V."]
[BlackTeam "SC Unterhaching e.V."]
[PlyCount "0"]

1.c4 e6 2.Nc3 Nf6 3.g3 d5 4.cxd5 exd5 5.d4 Be7 6.Bg2 c6 7.Nf3 Bf5 8.O-O 
O-O 9.h3 Ne4 10.Bf4 Nd7 11.Ne5 Nxe5 12.Bxe5 Qd7 13.g4 Bg6 14.Nxe4 dxe4 15.
e3 f5 16.f3 Bg5 17.gxf5 Bxf5 18.Kh2 exf3 19.Rxf3 Bg6 20.Qe2 Rxf3 21.Bxf3 
Rf8 22.Rf1 Bf6 23.Bf4 Qf7 24.Bg2 Qxa2 25.Qd2 Bf7 26.e4 Rd8 27.e5 Be7 28.
Rd1 Qe6 29.Qa5 a6 30.Qb6 Qf5 31.Be3 Qc2 32.Bf4 Qf5 33.Be3 Qd7 1/2-1/2

[Event "29. Friedensfest-Open (AFRO-A)"]
[Site "Augsburg"]
[Date "2024.08.09"]
[Round "3.49"]
[White "Kelembet, Artem"]
[Black "Holuba, Stefan"]
[Result "1/2-1/2"]
[WhiteElo "1779"]
[BlackElo "1692"]
[EventDate "2024.08.08"]
[Time "09:30:00"]
[WhiteNrv "1779"]
[BlackNrv "1692"]
[WhiteTwz "1779"]
[BlackTwz "1692"]
[WhiteFideId "34684727"]
[BlackFideId "34667520"]
[WhiteNatFedId "10828569"]
[BlackNatFedId "10088445"]
[WhiteAttr "M"]
[BlackAttr "M"]
[WhiteTeam "SV Jedesheim 1921"]
[BlackTeam "SK Caissa Augsburg"]
[PlyCount "0"]

1.Nf3 d5 2.d4 Nf6 3.c4 c6 4.e3 Bf5 5.Bd3 Bxd3 6.Qxd3 e6 7.Nc3 Bd6 8.O-O 
O-O 9.e4 dxe4 10.Nxe4 Nxe4 11.Qxe4 Be7 12.Bf4 Nd7 13.Rad1 Qa5 14.a3 Rac8 
15.Rfe1 Rfd8 16.Qe2 Qf5 17.Bg3 Nf8 18.Ne5 Ng6 19.Nxg6 hxg6 20.Rd3 Rd7 21.
Red1 Rcd8 22.Be5 Bd6 23.f4 Bxe5 24.fxe5 Qf4 25.Qf3 Qxf3 26.gxf3 Kf8 27.Kf2
Ke7 28.Ke3 Rh8 29.R3d2 Rh4 1/2-1/2

[Event "29. Friedensfest-Open (AFRO-A)"]
[Site "Augsburg"]
[Date "2024.08.09"]
[Round "3.50"]
[White "Zimmer, Christian"]
[Black "Nezosi, Christophe"]
[Result "1-0"]
[WhiteElo "1757"]
[BlackElo "1619"]
[EventDate "2024.08.08"]
[Time "09:30:00"]
[WhiteNrv "1757"]
[BlackNrv "1619"]
[WhiteTwz "1757"]
[BlackTwz "1619"]
[WhiteFideId "16274423"]
[BlackFideId "36067164"]
[WhiteNatFedId "10680572"]
[WhiteAttr "M"]
[BlackAttr "M"]
[WhiteTeam "SC Heideck-Hilpoltstein"]
[BlackTeam "Vandeuvre Échecs"]
[PlyCount "0"]

1.e4 Nc6 2.d4 d5 3.exd5 Qxd5 4.Nf3 Bg4 5.Be2 O-O-O 6.Nc3 Qa5 7.Be3 e5 8.
Nxe5 Bxe2 9.Qxe2 Nxe5 10.dxe5 Qxe5 11.Nb5 a6 12.Na7+ Kd7 13.O-O-O+ Bd6 14.
Qf3 Ne7 15.Rhe1 Qf6 16.Bf4 Rb8 17.Qg4+ Nf5 18.Bg5 Qg6 19.Re7+ Kd8 20.Rxf7+
Ke8 21.Rxf5 Be7 22.Qe4 1-0

[Event "29. Friedensfest-Open (AFRO-A)"]
[Site "Augsburg"]
[Date "2024.08.09"]
[Round "4.1"]
[White "Poetsch, Hagen"]
[Black "Gibicar, Danijel"]
[Result "1-0"]
[WhiteElo "2453"]
[BlackElo "2269"]
[EventDate "2024.08.08"]
[Time "15:30:00"]
[WhiteNrv "2453"]
[BlackNrv "2269"]
[WhiteTwz "2453"]
[BlackTwz "2269"]
[WhiteTitle "GM"]
[BlackTitle "FM"]
[WhiteFideId "24615137"]
[BlackFideId "24660256"]
[WhiteNatFedId "10165992"]
[BlackNatFedId "10060994"]
[WhiteAttr "M"]
[BlackAttr "M"]
[WhiteTeam "SC Heusenstamm"]
[BlackTeam "SC Eppingen"]
[PlyCount "0"]

1.e4 e6 2.d4 d5 3.Nd2 a6 4.Ngf3 c5 5.Bd3 Nc6 6.O-O cxd4 7.exd5 Qxd5 8.Be4 
Qd7 9.Nc4 Bc5 10.Nfe5 Nxe5 11.Nxe5 Qe7 12.b4 Ba7 13.Nc6 Qd6 14.Nxa7 Rxa7 
15.Bb2 Nf6 16.Qxd4 Qxd4 17.Bxd4 Ra8 18.Bf3 O-O 19.Rfd1 Re8 20.Bxf6 gxf6 
21.Rd6 Kf8 22.Rad1 Rb8 23.c4 Ke7 24.c5 e5 25.Rb6 f5 26.c6 e4 27.Be2 Rd8 
28.Rc1 Rd2 29.Bxa6 bxc6 30.Rxb8 Bxa6 31.a4 Rb2 32.b5 cxb5 33.Ra8 Bb7 34.
Ra7 bxa4 35.Rc7+ 1-0

[Event "29. Friedensfest-Open (AFRO-A)"]
[Site "Augsburg"]
[Date "2024.08.09"]
[Round "4.2"]
[White "Litzka, Richard"]
[Black "Vuckovic, Zarko"]
[Result "1-0"]
[WhiteElo "2119"]
[BlackElo "2353"]
[EventDate "2024.08.08"]
[Time "15:30:00"]
[WhiteNrv "2119"]
[BlackNrv "2353"]
[WhiteTwz "2119"]
[BlackTwz "2353"]
[WhiteFideId "12971731"]
[BlackFideId "12952087"]
[WhiteNatFedId "10261519"]
[BlackNatFedId "10284643"]
[WhiteAttr "M"]
[BlackAttr "M"]
[WhiteTeam "FC Bayern Muenchen e.V."]
[BlackTeam "SF Augsburg"]
[PlyCount "0"]

1.c4 e5 2.Nc3 Bb4 3.Qb3 Nc6 4.e3 Nf6 5.Nge2 O-O 6.a3 Bc5 7.Qc2 a5 8.Nd5 d6
9.Nec3 Ne8 10.Be2 Nb8 11.Na4 Ba7 12.Ndc3 c6 13.O-O Nd7 14.b4 Nef6 15.d3 
Re8 16.Bd2 Bb8 17.Rfc1 Nf8 18.b5 d5 19.bxc6 bxc6 20.cxd5 cxd5 21.Nb5 Bd7 
22.Rab1 Ne6 23.Nc5 Nxc5 24.Qxc5 Ra6 25.Nc7 Bxc7 26.Qxc7 Qxc7 27.Rxc7 Raa8 
28.Rbb7 Rec8 29.Bc3 Rxc7 30.Rxc7 d4 31.exd4 Nd5 32.Rxd7 Nxc3 33.Bf3 Rb8 
34.g3 exd4 35.Rxd4 Kf8 36.Rc4 Rb3 37.a4 Ke7 38.Rc7+ Ke6 39.Rc5 Rb1+ 40.Kg2
Nxa4 41.Rxa5 Nb6 42.Be4 g6 43.g4 h6 44.h4 Rb4 45.h5 g5 46.Ra7 Rd4 47.Kf3 
Rd6 48.Ke3 Kf6 49.f3 Rd7 50.Ra6 Rd6 51.Ra5 Ke7 52.Rc5 Kf6 53.d4 Nd7 54.
Rf5+ Ke7 55.Ra5 Nb6 56.Rc5 Kf6 57.Kd3 Nd7 58.Rf5+ Ke7 59.Ra5 Kf6 60.Kc4 
Ke7 61.Ra7 Kf8 62.Rc7 Nf6 63.Bc6 Re6 64.d5 Re3 65.d6 Re6 66.Kc5 Re3 67.Bd5
Nxd5 68.Rc8+ Kg7 69.Kxd5 Rd3+ 70.Kc6 Rc3+ 71.Kb7 Rb3+ 72.Kc7 Rc3+ 73.Kd8 
1-0

[Event "29. Friedensfest-Open (AFRO-A)"]
[Site "Augsburg"]
[Date "2024.08.09"]
[Round "4.3"]
[White "Duong, Quang Bach"]
[Black "Reis, Thomas"]
[Result "1/2-1/2"]
[WhiteElo "2100"]
[BlackElo "2195"]
[EventDate "2024.08.08"]
[Time "15:30:00"]
[WhiteNrv "2100"]
[BlackNrv "2195"]
[WhiteTwz "2100"]
[BlackTwz "2195"]
[WhiteFideId "16287045"]
[BlackFideId "4678699"]
[WhiteNatFedId "10626174"]
[BlackNatFedId "10174084"]
[WhiteAttr "M"]
[BlackAttr "M"]
[WhiteTeam "SF Augsburg"]
[BlackTeam "SK Kriegshaber"]
[PlyCount "0"]

1.d4 d5 2.Nf3 Nf6 3.Bf4 e6 4.e3 Bd6 5.Nbd2 O-O 6.c3 b6 7.Bd3 Ba6 8.Bxa6 
Nxa6 9.O-O Nb8 10.Qe2 c5 11.dxc5 Bxf4 12.exf4 bxc5 13.Ne5 Nfd7 14.Rfe1 
Nxe5 15.fxe5 Nc6 16.Qh5 Rb8 17.b3 f5 18.Nf3 Qe7 19.Rad1 a5 20.Rd3 Qf7 21.
Qh3 h6 22.Nd2 a4 23.Qe3 Qa7 24.f4 Rb7 25.Kh1 Rff7 26.Qf3 Na5 27.c4 d4 28.
g4 Qa8 29.Kg1 axb3 30.axb3 g6 31.gxf5 gxf5 32.Kf2 Rg7 33.Qh5 Rxb3 34.Rg3 
Rbxg3 35.hxg3 Nb3 36.Nf3 Qa2+ 37.Re2 Qa6 38.Qxh6 d3 39.Re1 Nd4 40.Nxd4 
cxd4 41.Qf6 Qa2+ 42.Kf3 Qa8+ 43.Kf2 Qa2+ 44.Kf3 Qa8+ 1/2-1/2

[Event "29. Friedensfest-Open (AFRO-A)"]
[Site "Augsburg"]
[Date "2024.08.09"]
[Round "4.4"]
[White "Longo, Massimo"]
[Black "Ovsepyan, Arshak"]
[Result "0-1"]
[WhiteElo "1972"]
[BlackElo "2208"]
[EventDate "2024.08.08"]
[Time "15:30:00"]
[WhiteNrv "1972"]
[BlackNrv "2208"]
[WhiteTwz "1972"]
[BlackTwz "2208"]
[WhiteFideId "16205227"]
[BlackFideId "24690236"]
[WhiteNatFedId "10270052"]
[BlackNatFedId "10262433"]
[WhiteAttr "M"]
[BlackAttr "M"]
[WhiteTeam "SK Graefelfing"]
[BlackTeam "SK Graefelfing"]
[PlyCount "0"]

1.d4 g6 2.e3 Bg7 3.Nf3 d6 4.c4 Nd7 5.Nc3 e5 6.Be2 Ne7 7.e4 O-O 8.O-O c6 9.
Be3 Qc7 10.Qd2 Rd8 11.b4 exd4 12.Nxd4 a5 13.a3 Nf6 14.h3 Bd7 15.Rfd1 axb4 
16.axb4 Rxa1 17.Rxa1 c5 18.Ndb5 Bxb5 19.Nxb5 Qc6 20.Bf3 Nxe4 21.Bxe4 Qxe4 
22.Rc1 Nf5 23.Bg5 Re8 24.Nxd6 Nxd6 25.Qxd6 Qe1+ 26.Rxe1 Rxe1+ 27.Kh2 Be5+ 
28.Bf4 Bxd6 29.Bxd6 cxb4 30.Bxb4 Re4 0-1

[Event "29. Friedensfest-Open (AFRO-A)"]
[Site "Augsburg"]
[Date "2024.08.09"]
[Round "4.5"]
[White "Alvir, Aco"]
[Black "Struck, Christian"]
[Result "1-0"]
[WhiteElo "2290"]
[BlackElo "1965"]
[EventDate "2024.08.08"]
[Time "15:30:00"]
[WhiteNrv "2290"]
[BlackNrv "1965"]
[WhiteTwz "2290"]
[BlackTwz "1965"]
[WhiteTitle "IM"]
[WhiteFideId "14400367"]
[BlackFideId "16269497"]
[WhiteNatFedId "10496782"]
[BlackNatFedId "10218366"]
[WhiteAttr "M"]
[BlackAttr "M"]
[WhiteTeam "Muenchener SC 1836 e.V."]
[BlackTeam "SF Augsburg"]
[PlyCount "0"]

1.e4 d6 2.d4 Nf6 3.Nc3 e5 4.Nf3 Nbd7 5.g3 Be7 6.Bg2 c6 7.O-O O-O 8.Re1 Qc7
9.b3 a6 10.a4 b6 11.Nh4 Re8 12.Nf5 Bf8 13.Ba3 c5 14.dxe5 dxe5 15.Ne3 Bb7 
16.Bb2 Rad8 17.Qe2 g6 18.Rad1 Nb8 19.Rxd8 Rxd8 20.h4 Bg7 21.g4 Qc8 22.Bf3 
h6 23.g5 hxg5 24.hxg5 Nh7 25.Bg4 Qc7 26.Ned5 Bxd5 27.Nxd5 Qb7 28.a5 bxa5 
29.Qe3 a4 30.Ba3 axb3 31.cxb3 Nc6 32.Bxc5 Re8 33.Rc1 Nd4 34.Bb6 Ne6 35.
Bxe6 Rxe6 36.Rc7 Qa8 37.Qc3 Re8 38.Be3 Qd8 39.Qc6 Kh8 40.Rd7 Qc8 41.Qxc8 
Rxc8 42.Rxf7 Rb8 43.b4 Bf8 44.Bd2 Rc8 45.Kg2 1-0

[Event "29. Friedensfest-Open (AFRO-A)"]
[Site "Augsburg"]
[Date "2024.08.09"]
[Round "4.7"]
[White "Schwab, Matthias"]
[Black "Doll, Luca Fabio"]
[Result "0-1"]
[WhiteElo "2105"]
[BlackElo "1908"]
[EventDate "2024.08.08"]
[Time "15:30:00"]
[WhiteNrv "2105"]
[BlackNrv "1908"]
[WhiteTwz "2105"]
[BlackTwz "1908"]
[WhiteFideId "24622397"]
[BlackFideId "16282299"]
[WhiteNatFedId "10203034"]
[BlackNatFedId "10672379"]
[WhiteAttr "M"]
[BlackAttr "*"]
[WhiteTeam "SC Weisse Dame Ulm e.V."]
[BlackTeam "TSV Langenau"]
[PlyCount "0"]

1.d4 d5 2.Nf3 Nf6 3.g3 e6 4.Bg2 Bd6 5.O-O Nbd7 6.c4 c6 7.Nc3 O-O 8.Nd2 b6 
9.e4 dxe4 10.Ndxe4 Nxe4 11.Nxe4 Be7 12.Bf4 Bb7 13.Nd6 Bxd6 14.Bxd6 Re8 15.
Re1 Qf6 16.Qg4 h5 17.Qf4 Qxf4 18.Bxf4 Rac8 19.b4 Ba6 20.Rac1 Nf6 21.a4 
Red8 22.Red1 Rd7 23.Bg5 Nh7 24.Be3 Nf6 25.Bf3 Kf8 26.h3 Ke8 27.Kg2 g6 28.
Bf4 Bb7 29.Be5 Ke7 30.g4 hxg4 31.hxg4 Nh7 32.Bf4 Nf6 33.Bg5 Rcd8 34.Be3 
Rh8 35.Rh1 Rxh1 36.Rxh1 Ne8 37.c5 Nf6 38.Rh8 Nd5 39.Bd2 Ba6 40.Bg5+ f6 41.
Bd2 bxc5 42.dxc5 g5 43.Kg3 Kf7 44.Ra8 Ke7 45.Rh8 Kf7 46.b5 cxb5 47.Be2 Nc7
48.Ba5 bxa4 49.c6 Rd5 50.Bxa6 Rxa5 51.Bb7 a3 52.Rh7+ Kg6 53.Rxc7 a2 0-1

[Event "29. Friedensfest-Open (AFRO-A)"]
[Site "Augsburg"]
[Date "2024.08.09"]
[Round "4.8"]
[White "Haselbeck, Franz"]
[Black "Foerch, Benedikt"]
[Result "1/2-1/2"]
[WhiteElo "1929"]
[BlackElo "2102"]
[EventDate "2024.08.08"]
[Time "15:30:00"]
[WhiteNrv "1929"]
[BlackNrv "2102"]
[WhiteTwz "1929"]
[BlackTwz "2102"]
[WhiteFideId "1270356"]
[BlackFideId "16228758"]
[WhiteNatFedId "10075444"]
[BlackNatFedId "10052041"]
[WhiteAttr "M"]
[BlackAttr "M"]
[WhiteTeam "SG Traunstein/Traunreut e.V."]
[BlackTeam "SK Neuburg"]
[PlyCount "0"]

1.Nf3 Nf6 2.g3 g6 3.Bg2 Bg7 4.O-O O-O 5.d3 d5 6.Nbd2 b6 7.e4 dxe4 8.dxe4 
Bb7 9.Re1 c5 10.e5 Ne8 11.Qe2 Nc6 12.c3 Nc7 13.Nc4 Ne6 14.Ng5 Nxg5 15.Bxg5
Qc7 16.e6 f5 17.Bf4 Qc8 18.Rad1 Rd8 19.h4 Bf6 20.Rxd8+ Nxd8 21.Nd6 exd6 
22.e7 Bxe7 23.Qxe7 Be4 24.f3 Bd5 25.Qe8+ Kg7 26.Bxd6 Nf7 27.Be5+ Kh6 28.
Qa4 c4 29.Qd1 Nxe5 30.Rxe5 Bf7 31.Qd2+ Kg7 32.Qd4 Qd8 33.Rd5+ Qf6 34.Rd6 
Qxd4+ 35.Rxd4 Re8 36.Kf2 Kf6 1/2-1/2

[Event "29. Friedensfest-Open (AFRO-A)"]
[Site "Augsburg"]
[Date "2024.08.09"]
[Round "4.9"]
[White "Lichtenstern, Benjamin"]
[Black "Zieringer, Sebastian"]
[Result "1/2-1/2"]
[WhiteElo "2070"]
[BlackElo "1892"]
[EventDate "2024.08.08"]
[Time "15:30:00"]
[WhiteNrv "2070"]
[BlackNrv "1892"]
[WhiteTwz "2070"]
[BlackTwz "1892"]
[WhiteFideId "24627020"]
[BlackFideId "16222008"]
[WhiteNatFedId "10128465"]
[BlackNatFedId "10288090"]
[WhiteAttr "M"]
[BlackAttr "M"]
[WhiteTeam "FC Bayern Muenchen e.V."]
[BlackTeam "SK Graefelfing"]
[PlyCount "0"]

1.d4 Nf6 2.c4 e6 3.Nf3 b6 4.g3 Bb7 5.Bg2 Be7 6.O-O O-O 7.Nc3 Ne4 8.Nxe4 
Bxe4 9.b3 Bf6 10.Ba3 d6 11.Rc1 c5 12.e3 Nc6 13.Bb2 Qe7 14.Qd2 Rfd8 15.Bc3 
d5 16.cxd5 Bxd5 17.Qb2 cxd4 18.Nxd4 Nxd4 19.Bxd4 Bxd4 20.exd4 Bxg2 21.Kxg2
Rd5 22.Rc4 b5 23.Rc5 Rxc5 24.dxc5 Qxc5 25.Rc1 Qd6 26.Qc3 Kf8 27.Qa5 a6 28.
Rc7 Rd8 29.Ra7 Qc6+ 30.Kh3 Rd6 31.Rc7 Qd5 32.Qb4 Qh5+ 33.Kg2 Qd5+ 34.Kh3 
1/2-1/2

[Event "29. Friedensfest-Open (AFRO-A)"]
[Site "Augsburg"]
[Date "2024.08.09"]
[Round "4.10"]
[White "Hennig, Konrad"]
[Black "Kaufmann, Thorsten"]
[Result "1/2-1/2"]
[WhiteElo "1912"]
[BlackElo "2057"]
[EventDate "2024.08.08"]
[Time "15:30:00"]
[WhiteNrv "1912"]
[BlackNrv "2057"]
[WhiteTwz "1912"]
[BlackTwz "2057"]
[WhiteFideId "34622519"]
[BlackFideId "24647950"]
[WhiteNatFedId "10777014"]
[BlackNatFedId "10101131"]
[WhiteAttr "M"]
[BlackAttr "M"]
[WhiteTeam "FC Bayern Muenchen e.V."]
[BlackTeam "SK Sontheim/Brenz e.V."]
[PlyCount "0"]

1.d4 e6 2.g3 c5 3.Nf3 cxd4 4.Nxd4 Nf6 5.Bg2 d5 6.O-O Bc5 7.Nb3 Bb6 8.c4 
dxc4 9.Qxd8+ Bxd8 10.N3d2 Nc6 11.Nxc4 Nd4 12.Nc3 O-O 13.Rd1 Nc6 14.Bf4 h6 
15.h4 Be7 16.e4 Nd7 17.e5 g5 18.hxg5 hxg5 19.Bxc6 bxc6 20.Be3 Rd8 21.f4 
gxf4 22.gxf4 Nf8 23.Na5 Bd7 24.Ne4 Be8 25.Nd6 Bxd6 26.exd6 Bd7 27.Rac1 
Rdc8 28.b4 Rab8 29.a3 a6 30.Rc5 Rb5 31.Kf2 Rxc5 32.Bxc5 Be8 33.Rg1+ Kh7 
34.Bd4 Nd7 35.Rg7+ Kh6 36.Rg8 f6 37.Nb3 Kh7 38.Rg1 e5 39.fxe5 fxe5 40.Be3 
Nf6 41.Nc5 Ra8 42.Bg5 Nd7 43.Nxd7 Bxd7 44.Bf6 Rg8 45.Rxg8 Kxg8 46.Ke3 Kf7 
47.Bxe5 Bh3 48.Kd4 Ke6 49.Bg3 Kd7 50.Kc5 Bf1 1/2-1/2

[Event "29. Friedensfest-Open (AFRO-A)"]
[Site "Augsburg"]
[Date "2024.08.09"]
[Round "4.11"]
[White "Nissen, Christoph"]
[Black "Soergel, Thomas"]
[Result "0-1"]
[WhiteElo "1882"]
[BlackElo "2010"]
[EventDate "2024.08.08"]
[Time "15:30:00"]
[WhiteNrv "1882"]
[BlackNrv "2010"]
[WhiteTwz "1882"]
[BlackTwz "2010"]
[WhiteFideId "34614320"]
[BlackFideId "4667980"]
[WhiteNatFedId "10154652"]
[BlackNatFedId "10209978"]
[WhiteAttr "M"]
[BlackAttr "M"]
[WhiteTeam "SK Caissa Augsburg"]
[BlackTeam "SK Graefelfing"]
[PlyCount "0"]

1.e4 e6 2.d4 d5 3.e5 c5 4.c3 Nc6 5.Nf3 Bd7 6.a3 c4 7.b4 cxb3 8.Nbd2 Na5 9.
c4 Ba4 10.Bb2 dxc4 11.Nxc4 b5 12.Ncd2 Be7 13.Bd3 Nh6 14.Qe2 a6 15.d5 exd5 
16.Nd4 O-O 17.f4 Nc4 18.N2xb3 Bxb3 19.Nxb3 Nxb2 20.Qxb2 Qb6 21.Qd4 Qxd4 
22.Nxd4 Bc5 23.Nb3 Bb6 24.Ke2 f6 25.e6 f5 26.Rac1 Rfc8 27.Nd2 Kf8 28.Nf3 
Ke7 29.Ng5 g6 30.a4 bxa4 31.Ra1 Ng4 32.Rhb1 Rcb8 33.h3 Nf6 34.Rxa4 a5 35.
g4 h6 36.Nf7 Kxe6 37.Nxh6 Ne4 38.Ra3 Bc7 39.Bxe4 fxe4 40.f5+ gxf5 41.gxf5+
Ke5 42.Rc1 Rb2+ 43.Ke1 Bb6 44.Rc6 d4 45.Rg3 d3 46.Rg4 Be3 47.Nf7+ Kd5 48.
Rd6+ Kc5 49.Kf1 Rf2+ 50.Ke1 Rb8 0-1